Statistics for Name ALL of Juice WRLD's Songs!

Click here to take the quiz!

General Stats

  • This quiz has been taken 285 times
  • The average score is 37 of 60

Answer Stats

AlbumTrack No.Answer% Correct
Goodbye & Good Riddance3Lucid Dreams
94%
Goodbye & Good Riddance2All Girls Are The Same
86%
Death Race For Love8Robbery
80%
Goodbye & Good Riddance7Lean Wit Me
79%
Goodbye & Good Riddance4Wasted (feat. Lil Uzi Vert)
77%
Death Race For Love1Empty
76%
Death Race For Love2Maze
72%
Goodbye & Good Riddance6Black & White
71%
Legends Never Die2Conversations
71%
Legends Never Die14Wishing Well
71%
Goodbye & Good Riddance10Candles
70%
Goodbye & Good Riddance13I'm Still
69%
Goodbye & Good Riddance1Intro
69%
Legends Never Die3Titanic
69%
Goodbye & Good Riddance14End Of The Road
67%
Death Race For Love5Fast
67%
Goodbye & Good Riddance5Armed And Dangerous
64%
Goodbye & Good Riddance15Long Gone
64%
Legends Never Die11Come & Go (with Marshmello)
63%
Legends Never Die8Hate The Other Side (with Marshmello & The Kid LAROI feat. Polo G)
63%
Goodbye & Good Riddance12Hurt Me
63%
Goodbye & Good Riddance11Scared Of Love
63%
Legends Never Die18Stay High
63%
Goodbye & Good Riddance9Used To
63%
Legends Never Die20Man Of The Year
62%
Goodbye & Good Riddance8I'll Be Fine
61%
Legends Never Die6Blood On My Jeans
60%
Death Race For Love9Flaws And Sins
60%
Legends Never Die4Bad Energy
59%
Legends Never Die19Can't Die
59%
Death Race For Love6Hear Me Calling
59%
Death Race For Love3HeMotions
59%
Legends Never Die5Righteous
59%
Death Race For Love13Ring Ring (with Rvssian feat. Clever)
59%
Death Race For Love4Demonz (feat. Brent Faiyaz) - Interlude
58%
Death Race For Love16The Bees Knees
58%
Death Race For Love12Who Shot Cupid?
58%
Death Race For Love1810 Feet
57%
Legends Never Die1Anxiety - Intro
57%
Goodbye & Good Riddance17Karma - Skit
57%
Death Race For Love7Big
56%
Legends Never Die13Fighting Demons
56%
Legends Never Die10Life's A Mess (feat. Halsey)
56%
Death Race For Love22Make Believe
56%
Death Race For Love11Syphilis
56%
Goodbye & Good Riddance16Betrayal - Skit
55%
Legends Never Die15Screw Juice
55%
Legends Never Die16Up Up And Away
55%
Death Race For Love20She's The One
54%
Death Race For Love10Feeling
53%
Legends Never Die12I Want It
52%
Legends Never Die21Juice WRLD Speaks From Heaven - Outro
51%
Death Race For Love21Rider
51%
Legends Never Die7Tell Me U Luv Me (with Trippie Redd)
51%
Death Race For Love14Desire
50%
Death Race For Love17ON GOD (feat. Young Thug)
50%
Death Race For Love15Out My Way
47%
Legends Never Die17The Man, The Myth, The Legend - Interlude
46%
Death Race For Love19Won't Let Go
43%
Legends Never Die9Get Through It - Interlude
39%

Score Distribution

Percentile by Number Answered

Percent of People with Each Score

Your Score History

You have not taken this quiz